Detalles MARC
| 000 -LEADER |
| fixed length control field |
03137nam a2200481Ii 4500 |
| 001 - CONTROL NUMBER |
| control field |
DIGDOCUN0006 |
| 003 - CONTROL NUMBER IDENTIFIER |
| control field |
NyNyDIG |
| 008 - FIXED-LENGTH DATA ELEMENTS--GENERAL INFORMATION |
| fixed length control field |
141201s2006 sp ob 100 0 ger d |
| 006 - FIXED-LENGTH DATA ELEMENTS--ADDITIONAL MATERIAL CHARACTERISTICS |
| fixed length control field |
m o d |
| 007 - PHYSICAL DESCRIPTION FIXED FIELD--GENERAL INFORMATION |
| fixed length control field |
cr ||||||||||| |
| 035 ## - SYSTEM CONTROL NUMBER |
| System control number |
(OCoLC)992039565 |
| 040 ## - CATALOGING SOURCE |
| Original cataloging agency |
DGITA |
| Language of cataloging |
eng |
| Description conventions |
rda |
| -- |
pn |
| Transcribing agency |
DIGITA |
| 020 ## - INTERNATIONAL STANDARD BOOK NUMBER |
| Canceled/invalid ISBN |
8493495921 |
| 020 ## - INTERNATIONAL STANDARD BOOK NUMBER |
| Canceled/invalid ISBN |
9788493495923 |
| 041 0# - LANGUAGE CODE |
| Language code of text/sound track or separate title |
ger |
| -- |
fre |
| -- |
spa |
| -- |
eng |
| 050 14 - LIBRARY OF CONGRESS CALL NUMBER |
| Classification number |
B2949.S6 eBook |
| 245 04 - TITLE STATEMENT |
| Title |
Die Idee der bürgerlichen Gesellschaft : |
| Remainder of title |
Hegel und die Folgen / |
| Statement of responsibility, etc. |
Jörg Zimmer, Domenico Losurdo (Hrsg.). |
| 246 30 - VARYING FORM OF TITLE |
| Title proper/short title |
Hegel und die Folgen |
| 264 #1 - PRODUCTION, PUBLICATION, DISTRIBUTION, MANUFACTURE, AND COPYRIGHT NOTICE |
| Place of production, publication, distribution, manufacture |
Girona : |
| Name of producer, publisher, distributor, manufacturer |
Documenta Universitaria : |
| -- |
Internationale Gesellschaft Hegel-Marx für dialektisches Denken, |
| Date of production, publication, distribution, manufacture, or copyright notice |
2006. |
| 300 ## - PHYSICAL DESCRIPTION |
| Extent |
1 online resource (184 pages). |
| 336 ## - CONTENT TYPE |
| Content type term |
text |
| Content type code |
txt |
| Source |
rdacontent |
| 337 ## - MEDIA TYPE |
| Media type term |
computer |
| Media type code |
c |
| Source |
rdamedia |
| 338 ## - CARRIER TYPE |
| Carrier type term |
online resource |
| Carrier type code |
cr |
| Source |
rdacarrier |
| 490 1# - SERIES STATEMENT |
| Series statement |
Annalen der Internationalen Gesellschaft Hegel-Marx für dialektisches Denken ; |
| Volume/sequential designation |
13 |
| 500 ## - GENERAL NOTE |
| General note |
Proceedings of the conference held 5-7 Sept. 2002 in Girona. |
| 504 ## - BIBLIOGRAPHY, ETC. NOTE |
| Bibliography, etc. note |
Includes bibliographical references. |
| 505 0# - FORMATTED CONTENTS NOTE |
| Formatted contents note |
El "hombre" en la Sociedad Civil. Félix Duque (Madrid) / Felix Duque -- Bürgerliche Gesellschaft und Staat: Hegel,Marx und die zwei Liberalismen /Domenico Losurdo -- Société, culture, école selon Hegel / Bernard Bourgeois -- Marx et la Société Civile en 1843 / André Tosel -- Sociedad Civil y Moralidad en la"Filosofía del Derecho" de Hegel / Gabriel Amengual Coll -- À propos de la catégorie bürgerliche Gesellschaft chez Marx. Une annotation /José Barata-Moura -- Die Stufe des Scheins.Zum spekulativen Begriff der bürgerlichen Gesellschaft bei Hegel und MarxJ / Jörg Zimmer -- De Marx à Hegel: du besoin à la reconnaissance. La globalisation comme dis-solution (Aufh ebung) de l?américanisme / Roberto Finelli -- Modern Communism versus "nostalgiafor community" in Karl Marx / Stefano G. Azzarà -- Hegels Begriff der Freiheit als logische Vermittlung von Einzelnem und Allgemeinem und als reale historische Vermittlung von Individuum und Gemeinschaft im System der Bedürfnisse /Hans Heinz Holz. |
| 546 ## - LANGUAGE NOTE |
| Language note |
Includes contributions in German, English, French and Spanish. |
| 588 0# - SOURCE OF DESCRIPTION NOTE |
| Source of description note |
Online resource; title from ePub and PDF title page (Digitalia, viewed October 6, 2014) |
| 600 10 - SUBJECT ADDED ENTRY--PERSONAL NAME |
| Personal name |
Hegel, Georg Wilhelm Friedrich, |
| Dates associated with a name |
1770-1831 |
| General subdivision |
Criticism and interpretation |
| Form subdivision |
Congresses. |
| 650 #0 - SUBJECT ADDED ENTRY--TOPICAL TERM |
| Topical term or geographic name entry element |
Middle class |
| Form subdivision |
Congresses. |
| 650 #0 - SUBJECT ADDED ENTRY--TOPICAL TERM |
| Topical term or geographic name entry element |
Socialism |
| General subdivision |
History |
| Form subdivision |
Congresses. |
| 655 #0 - INDEX TERM--GENRE/FORM |
| Genre/form data or focus term |
Electronic books. |
| 700 1# - ADDED ENTRY--PERSONAL NAME |
| Personal name |
Zimmer, Jörg, |
| Relator term |
ditor. |
| 700 1# - ADDED ENTRY--PERSONAL NAME |
| Personal name |
Losurdo, Domenico, |
| Relator term |
ditor. |
| 791 2# - |
| -- |
Digitalia (Firm), |
| -- |
distributor. |
| 793 0# - |
| -- |
Digitalia eBook Collection: |
| -- |
Documenta Universitaria |
| 776 08 - ADDITIONAL PHYSICAL FORM ENTRY |
| Relationship information |
Print version: |
| Title |
Die Idee der bürgerlichen Gesellschaft. |
| Place, publisher, and date of publication |
Girona : Documenta Universitaria, 2006 |
| International Standard Book Number |
9788493495923 |
| Record control number |
(OCoLC)ocn689309220. |
| 830 #0 - SERIES ADDED ENTRY--UNIFORM TITLE |
| Uniform title |
Annalen der Internationalen Gesellschaft Hegel-Marx für dialektisches Denken ; |
| Volume/sequential designation |
13. |
| 856 40 - ELECTRONIC LOCATION AND ACCESS |
| Materials specified |
Digitalia Hispánica |
| Uniform Resource Identifier |
<a href="https://www.digitaliapublishing.com/a/21061/">https://www.digitaliapublishing.com/a/21061/</a> |
| 910 ## - USER-OPTION DATA (OCLC) |
| User-option data |
Premium Collection: 2014 |
| 942 ## - ADDED ENTRY ELEMENTS (KOHA) |
| Koha item type |
Recurso Electrónico |